00549cam a22002171 4500001001300000003000400013005001700017008004100034010001700075035002000092040001800112042001200130050002100142100001600163245004000179260001100219300001900230500001600249600004900265999001700314sa 68003524 DLC20260227112453.0890926s1967 ii 000 1 maro  asa 68003524  a(OCoLC)20397650 aDLCcWaUdDLC apremarc00aPK2418.M3137bP40 aManamohana.10aPeśave Savāī Mādhavarāva. c[1967] a199 p.c19 cm. aIn Marathi.00aMadhu RaobI,cPeshwa,d1744?-1772vFiction. c79546d79546